Respeitem-se! E tratem-se bem (Registo nº 36749)

Detalhes MARC
000 -Etiqueta do registo
Valores 00906nam a2200289 4500
010 ## - Número ISBN
ISBN 9789899167414
021 ## - Número do Depósito Legal
Código do país Portugal
Número 524367/23
100 ## - Dados gerais de processamento
Dados gerais 20240617d2024 c y0pory50030103ba
101 1# - Língua de publicação
Língua Português
102 ## - País de publicação
País Portugal
200 1# - Titulo e menção de responsabilidade
Título próprio Respeitem-se! E tratem-se bem
Primeira menção de responsabilidade texto e il. Lucía Serrano
Outras menções de responsabilidade trad. Catarina Oliveira Florindo
205 ## - Menção da edição
Edição 1.ª ed
210 #9 - Publicação
Local de publicação Lisboa
Nome do editor Jacarandá
Data de publicação 2024
215 ## - Descrição física 
Paginação / Volumes [34] p.
Outras indicações físicas il.
Dimensões 28 cm
304 ## - Nota relativa ao título
Texto de nota Tít. orig.: Nos tratamos bien
606 ## - Nome comum usado como assunto
ID Autoridade 185
Palavra de ordem Literatura infantil
Subdivisão cronológica 0-6 anos
675 ## - CDU
Notação 087.5
Edição BN
Língua por
675 ## - CDU
Notação 159.922(0.053.5)
Edição BN
Língua por
675 ## - CDU
Notação 159.923(0.053.5)
Edição BN
Língua por
700 ## - Autor principal
Apelido Serrano
Nome Lucía
ID Autoridade 6341
702 ## - Autor secundário
Apelido Florindo
Nome Catarina
Função Tradutor
ID Autoridade 2500
801 #0 - Fonte de origem
País PT
Agência BN
Regras de catalogação RPC
856 41 - Localização e acesso electrónico 
URL <a href="http://rnod.bnportugal.gov.pt/ImagesBN/winlibimg.aspx?skey=&doc=2169666&img=194804&save=true">http://rnod.bnportugal.gov.pt/ImagesBN/winlibimg.aspx?skey=&doc=2169666&img=194804&save=true</a>
090 ## - Tipo de documento
Koha biblioitem number (autogenerated) 36749
990 ## - Elementos KOHA
Tipo de documento Livro
994 ## - Estado da catalogação
Situação Completo
Exemplares
Situação do levantamento Situação do extravio Biblioteca de origem Biblioteca de empréstimo Código de barras Cota Permissão de empréstimo Tipo de documento Forma de aquisição
  Completo Biblioteca Municipal de Viana Do Alentejo Biblioteca Municipal de Viana Do Alentejo 0035294 087.5 SER Disponível Livro Compra




Powered by Koha